| 000 | 00872cam a2200277 a 4500 | ||
|---|---|---|---|
| 001 | 28017802 | ||
| 003 | OCoLC | ||
| 005 | 20230613201752.0 | ||
| 008 | 921224s1993 nyu 000 0 eng | ||
| 010 | _a92056207 | ||
| 020 | _a0060183225 : | ||
| 020 | _a9780060183226 | ||
| 040 |
_aDLC _cDLC _dCOD |
||
| 041 | _aeng | ||
| 050 | 0 | 0 |
_aPS3552.O59 _bM37 1993 |
| 050 | 0 | 0 |
_aPS3552.O59 _bM37 1993 |
| 100 | 1 |
_aBombeck, Erma. _0http://id.loc.gov/authorities/names/n79089071 |
|
| 245 | 1 | 2 |
_aA marriage made in heaven-- or, too tired for an affair / _cErma Bombeck. |
| 260 |
_aNew York, NY : _bHarperCollins, _cc1993. |
||
| 300 |
_aix, 256 pages ; _c24 cm. |
||
| 336 |
_atext _btxt _2rdacontent. |
||
| 337 |
_aunmediated _bn _2rdamedia. |
||
| 338 |
_avolume _bnc _2rdacarrier. |
||
| 650 | 0 |
_aMarriage _vHumor. _0http://id.loc.gov/authorities/subjects/sh2008107261. |
|
| 942 | _cBK | ||
| 999 |
_c28165 _d28165 |
||